|
|
|
|
| LEADER |
01199Cam#a22003495a#4500 |
| 001 |
026050 |
| 003 |
AR-BeUNQ |
| 005 |
20250217095738.0 |
| 008 |
140409s2005||||bl bho ##b a000|0#por#d |
| 999 |
|
|
|c 23972
|d 99359
|
| 020 |
|
|
|a 8570414811
|
| 040 |
|
|
|a AR-BeUNQ
|b spa
|
| 041 |
0 |
|
|a or
|
| 044 |
|
|
|a bl
|
| 082 |
0 |
4 |
|a 320.981
|2 21
|
| 100 |
1 |
|
|a Dutra, Eliana de Freitas.
|
| 245 |
0 |
2 |
|a Rebeldes literários da república :
|b história e identidade nacional no Almanaque Brasileiro Garniet (1903-1914)
|c Eliana de Freitas Dutra.
|
| 260 |
|
|
|a Belo Horizonte :
|b Universidade Federal de Minas Gerais,
|c 2005.
|
| 300 |
|
|
|a xxiv, 253 p. :
|b il., fot., facsíms. ;
|c 22 cm.
|
| 490 |
1 |
|
|a Humanitas / directora Heloisa Starling ;
|
| 504 |
|
|
|a Bibliografía: p. 239-253.
|
| 546 |
|
|
|a En portugués.
|
| 650 |
|
7 |
|a Historia
|2 spines
|
| 650 |
|
7 |
|a Política
|2 spines
|
| 650 |
|
7 |
|a Cultura
|2 spines
|
| 650 |
|
7 |
|a Literatura brasilera
|2 ttll
|
| 651 |
|
7 |
|a Brasil
|2 spines
|
| 653 |
|
|
|a Identidad nacional
|
| 653 |
|
|
|a Republicanismo
|
| 830 |
|
0 |
|a Humanitas (Universidade Federal de Minas Gerais). ;
|v 123
|
| 929 |
|
|
|a DONACION
|b Margarita Pierini
|d 50,00
|e 20140305
|f PAT0053143
|g 2523
|j 51169
|
| 942 |
|
|
|c LIB
|n 0
|